Statistiken für Welcher Kontinent? (Speed-Version)

Klicken Sie hier um das Quiz zu spielen!

Allgemein

  • Dieses Quiz wurde 40 mal gespielt
  • Das Durchschnittsergebnis liegt bei 5 aus 9

Antwortstatistiken

OrtKontinent% Korrekt
WolgaEuropa
87%
Sri Jayewardenapura KotteAsien
74%
GrönlandNordamerika
74%
AtlasgebirgeAfrika
72%
DhakaAsien
62%
Guyana EsequibaSüdamerika
51%
Bir TawilAfrika
36%
(Station) WostockAntarktis
13%
PeipusseeEuropa
13%

Verteilung der Resultate

Perzentil nach korrekt beantworteten Fragen

Anzahl Personen mit jedem Resultat

Ihre Resultats-Entwicklung

Sie haben dieses Quiz noch nicht gespielt